LEADER 00868nam0-22002771i-450- 001 990002018400403321 005 20070220144216.0 035 $a000201840 035 $aFED01000201840 035 $a(Aleph)000201840FED01 035 $a000201840 100 $a20030910d1973----km-y0itay50------ba 101 0 $aeng 200 1 $a<>evolution of melanism$ethe study of a recurring necessity, with special reference to industrial melanism in the Lepidoptera$fBernard Kettlewell 210 $aOxford$cClarendon Press$d1973 215 $a423 p.$d24 cm 610 0 $aEntomologia$aGenetica 676 $a595.701 700 1$aKettlewell,$bBernard$085538 801 0$aIT$bUNINA$gRICA$2UNIMARC 901 $aBK 912 $a990002018400403321 952 $a61 IV C.2/05$b4095 (20/12/75)$fDAGEN 959 $aDAGEN 996 $aEvolution of melanism$9405848 997 $aUNINA LEADER 03648nam 22006495 450 001 9910746087203321 005 20250730094919.0 010 $a3-7329-8980-1 024 7 $a10.57088/978-3-7329-8980-5 035 $a(MiAaPQ)EBC7247802 035 $a(Au-PeEL)EBL7247802 035 $a(OCoLC)1378937467 035 $a(DE-He213)978-3-7329-8980-5 035 $a(CKB)26624253400041 035 $a(EXLCZ)9926624253400041 100 $a20230908d2023 u| 0 101 0 $aeng 135 $aurcnu|||||||| 181 $ctxt$2rdacontent 182 $cc$2rdamedia 183 $acr$2rdacarrier 200 10$aUs & Them: Women Writers? Discourses on Foreignness /$fby Manuela Palacios 205 $a1st ed. 2023. 210 1$aBerlin :$cFrank & Timme GmbH :$cImprint: Frank & Timme,$d2023. 215 $a1 online resource (239 pages) 225 1 $aiBroLiT ? Estudos Iberorrománicos de Literatura e Tradutoloxía. Ibero-Romance Studies in Literature and Translatology,$x2940-8407 ;$v8 311 08$aPrint version: Palacios, Manuela Us & Them: Women Writers? Discourses on Foreignness Berlin : Frank & Timme,c2023 320 $aIncludes bibliographical references and index. 327 $aIntro -- Acknowledgements -- Summary -- Discourses on Foreignness by Irish and Galician Women Writers: An Introduction -- I. The Genres of Foreignness -- I.1. Us & -- Them in Contemporary Irish and Galician Poetry -- I.1.1. Mirror Conversations: Mary O'Donnell's Massacre of the Birds -- I.1.2. "Sisters of a trillion parasites": Alba Cid's Atlas -- I.1.3. Correspondences -- I.2. Us & -- Them in Contemporary Irish and Galician Short Fiction -- I.2.1. Englishness in Contemporary Irish Short Fiction -- I.2.2. Nomadic Women in Galician Short Fiction -- I.2.3. Correspondences -- I.3. Us & -- Them in the Contemporary Irish and Galician Novel -- I.3.1. "There is no 'us'": Evelyn Conlon's Not the Same Sky -- I.3.2. Two Foreigners Speaking the Same Language: Eva Moreda's A Veiga é como un tempo distinto -- I.3.3. Correspondences -- I.4. Us & -- Them in Contemporary Irish and Galician Drama -- I.4.1. Keeping the Barbarian at Bay: Lorna Shaughnessy's The Sacrificial Wind -- I.4.2. "On that difference is life grounded": Luz Pozo Garza's Medea en Corinto -- I.4.3 Correspondences -- II. Glocal Identities in Translation -- III. Mixing Memory and Desire: Women Writers' Emigration and Wanderlust -- Mixing Memory and Desire APPENDIX I -- Mixing Memory and Desire. APPENDIX II -- References -- Index. 410 0$aiBroLiT ? Estudos Iberorrománicos de Literatura e Tradutoloxía. Ibero-Romance Studies in Literature and Translatology,$x2940-8407 ;$v8 606 $aLiterature 606 $aFeminism 606 $aFeminist theory 606 $aEmigration and immigration 606 $aEmigration and immigration$xSocial aspects 606 $aLiterature 606 $aFeminism and Feminist Theory 606 $aDiaspora Studies 606 $aSociology of Migration 615 0$aLiterature. 615 0$aFeminism. 615 0$aFeminist theory. 615 0$aEmigration and immigration. 615 0$aEmigration and immigration$xSocial aspects. 615 14$aLiterature. 615 24$aFeminism and Feminist Theory. 615 24$aDiaspora Studies. 615 24$aSociology of Migration. 676 $a372.605 700 $aPalacios$b Manuela$f1959-$01427995 801 0$bMiAaPQ 801 1$bMiAaPQ 801 2$bMiAaPQ 906 $aBOOK 912 $a9910746087203321 996 $aUs & Them: Women Writers? Discourses on Foreignness$93563103 997 $aUNINA